000 00230nam a2200097Ia 4500
008 170619s9999 xx 000 0 und d
100 _aLowenthal N
245 0 _aReengeneering the organisation
260 _bNew Delhi: TMH
260 _c1996
546 _aENGLISH
999 _c16467
_d16467